Every City in the Western United States in 1900 on a Map - Statistics

General Stats
  • This quiz has been taken 130 times
  • The average score is 110 of 661
Answers on the Map
Answers color-coded by a green-red scale on the quiz's map according to % correct below.
 
Answer Stats
Population City % Correct
102,479 Los Angeles
91%
342,782 San Francisco
91%
53,531 Salt Lake City
89%
1,030 Sandy
89%
80,671 Seattle
89%
133,859 Denver
88%
5,544 Phoenix
88%
5,957 Boise
87%
4,500 Reno
87%
69 | 90,426 Portland
86%
29,282 Sacramento
85%
6,238 Albuquerque
82%
14,087 Cheyenne
82%
17,700 San Diego
82%
7,531 Tucson
82%
36,848 Spokane
81%
5,603 Santa Fe
79%
12,470 Fresno
78%
368 | 66,960 Oakland
77%
21,500 San Jose
77%
21,085 Colorado Springs
74%
2,100 Carson City
73%
10,770 Helena
71%
3,221 Billings
70%
4,836 Bakersfield
69%
4,258 | 894 Salem
69%
37,714 Tacoma
67%
3,126 Vancouver
66%
3,863 Olympia
65%
17,506 Stockton
65%
6,150 Boulder
64%
2,252 Long Beach
64%
6,185 Provo
64%
7,973 Riverside
64%
6,150 San Bernardino
64%
1,519 | 139 Yuma
64%
1,456 Anaheim
62%
3,236 Eugene
62%
722 Mesa
62%
883 Casper
60%
28,157 Pueblo
60%
1,271 Flagstaff
59%
16,313 Ogden
59%
3,085 | 39 | 7,327 Eureka
58%
6,587 Santa Barbara
58%
122 Aurora
57%
202 Fletcher
57%
1,262 Idaho Falls
56%
4,933 Santa Ana
56%
1,600 St. George
53%
508 Coeur d'Alene
52%
4,366 Missoula
52%
3,057 Santa Monica
52%
2,024 Modesto
51%
1,748 Monterey
51%
13,214 | 707 Berkeley
49%
3,650 Santa Clara
48%
3,419 Bozeman
47%
3,503 Grand Junction
46%
3,154 North Yakima
46%
287 Yakima
46%
30,470 Butte
45%
3,552 Las Vegas
45%
9,117 Pasadena
45%
6,673 Santa Rosa
45%
445 | 722 Ontario
44%
2,006 Roswell
44%
3,303 Aspen
43%
4,046 Pocatello
43%
2,946 Redding
43%
3,054 Fort Collins
42%
14,930 Great Falls
42%
8,207 Laramie
42%
5,659 Santa Cruz
42%
10,049 Walla Walla
42%
529 Washington
42%
1,061 Lincoln
41%
2,484 Moscow
41%
4,036 Napa
41%
1,701 Beaver
40%
3,021 San Luis Obispo
40%
7,838 Everett
38%
6,834 New Whatcom
38%
799 Nampa
37%
8,381 Astoria
36%
44 | 353 Springfield
36%
356 Bellevue
34%
1,761 Nogales
34%
330 Oceanside
34%
963 Carlsbad
33%
2,425 Lewiston
33%
1,791 Medford
33%
885 Tempe
33%
136 | 4,986 Victor
33%
1,174 Victor (Hastings P.O.)
33%
524 Gillett
32%
5,451 Logan
32%
847 Salina
32%
2,470 Ventura
32%
2,640 Chico
31%
3,494 Oregon City
31%
1,658 Palo Alto
31%
1,819 Corvallis
30%
3,023 Greeley
30%
2,321 Port Angeles
30%
3,559 Prescott
30%
16,464 Alameda
29%
653 | 821 Huntington
29%
755 Kent
29%
256 Newport
29%
1,216 Orange
29%
1,308 Pullman
29%
3,317 Durango
27%
2,152 Golden
27%
980 Hillsboro
27%
2,526 Kalispell
27%
447 Klamath Falls
27%
4,363 Rock Springs
27%
3,304 Salinas
27%
1,832 San Mateo
27%
1,559 | 442 | 466 | 581 Sheridan
27%
7,965 Vallejo
27%
2,946 Gallup
26%
1,965 Hayward
26%
1,111 Richmond
26%
3,747 Aberdeen
25%
2,050 | 489 Auburn
25%
1,434 Corona
25%
273 Jefferson
25%
249 Beaverton
24%
997 Caldwell
24%
434 | 968 Farmington
24%
151 Gillette
24%
254 Pasco
24%
2,914 Colorado City
23%
124 Eagle
23%
2,719 Lehi
23%
1,969 Merced
23%
1,081 Rexburg
23%
3,149 Albany
22%
6,663 Baker City
22%
364 Holly
22%
3,497 | 728 Marysville
22%
451 Redmond
22%
2,695 | 568 Virginia City
22%
3,085 Visalia
22%
674 Antioch
21%
976 Breckenridge
21%
3,114 Central City
21%
2,290 Grants Pass
21%
1,391 Marshfield
21%
1,057 Monroe
21%
3,250 Nevada City
21%
1,884 Puyallup
21%
263 Adams
20%
1,425 Cedar City
20%
906 Paris
20%
287 Post Falls
20%
1,653 Redwood City
20%
3,879 | 700 San Rafael
20%
3,542 The Dalles
20%
1,254 Yreka
20%
2,732 American Fork
19%
1,361 Green River
19%
4,406 Pendleton
19%
2,735 Spanish Fork
19%
1,059 | 9,453 Anaconda
18%
1,476 Anacortes
18%
2,859 Brigham City
18%
337 Columbia
18%
734 Douglas
18%
390 Idaho City
18%
1,938 Miles City
18%
1,120 Mount Vernon
18%
5,526 Pomona
18%
3,443 Port Townsend
18%
652 Sonoma
18%
646 Tombstone
18%
222 | 3,728 Florence
16%
1,418 Georgetown
16%
12,455 Leadville
16%
1,091 Loveland
16%
3,759 Park City
16%
1,690 Roseburg
16%
2,735 Silver City
16%
451 Wenatchee
16%
1,442 Bountiful
15%
183 Burlington
15%
1,600 Centralia
15%
1,271 | 50 Dallas
15%
389 Evans
15%
359 | 970 Lafayette
15%
1,217 Montrose
15%
2,216 Tulare
15%
2,265 Wallace
15%
1,305 Winslow
15%
3,775 Cañon City
14%
304 | 750 Castle Rock
14%
755 Escondido
14%
702 Harrison
14%
1,033 Havre
14%
653 Jacksonville
14%
2,201 Longmont
14%
1,420 McMinnville
14%
2,372 Mount Pleasant
14%
1,200 Tooele
14%
5,345 Trinidad
14%
1,220 Vacaville
14%
2,634 Ashland
13%
710 Buffalo
13%
935 Coronado
13%
699 Crescent City
13%
2,216 | 293 Dayton
13%
1,737 Ellensburg
13%
1,820 Gilroy
13%
1,257 | 392 Hamilton
13%
2,861 Jerome
13%
2,991 La Grande
13%
738 Littleton
13%
1,493 Livermore
13%
972 Lompoc
13%
529 Mountain Home
13%
2,208 Nephi
13%
1,748 | 230 Placerville
13%
2,101 Snohomish
13%
2,446 Telluride
13%
834 Tillamook
13%
285 | 302 Toledo
13%
937 Union
13%
664 Vernal
13%
305 Windsor
13%
952 Arcata
12%
1,592 Blaine
12%
349 Bonners Ferry
12%
1,775 Chehalis
12%
1,285 | 251 Colton
12%
2,110 Evanston
12%
2,778 Livingston
12%
398 Salmon
12%
1,380 | 656 Silverton
12%
366 Brighton
11%
634 Fort Morgan
11%
435 Franklin
11%
1,495 Globe
11%
1,200 | 829 Gunnison
11%
2,929 Hanford
11%
1,315 Hollister
11%
987 Lamar
11%
600 Morgan
11%
1,086 National City
11%
2,317 Rawlins
11%
855 Redondo Beach
11%
2,253 San Leandro
11%
1,628 Sausalito
11%
1,512 Socorro
11%
1,141 Alamosa
10%
388 Arlington
10%
547 Burns
10%
1,324 Deer Lodge
10%
474 Edmonds
10%
697 Erie
10%
126 Fruita
10%
164 Jamestown
10%
1,380 Martinez
10%
429 Newton
10%
3,871 Petaluma
10%
1,100 Pleasanton
10%
539 Price
10%
3,540 Raton
10%
273 Rifle
10%
1,922 Sonora
10%
1,009 Sterling
10%
294 Sundance
10%
299 Thermopolis
10%
270 Tumwater
10%
127 Vale
10%
3,528 Watsonville
10%
781 Cheney
9%
2,121 Colfax
9%
1,590 Fort Bragg
9%
422 Glenwood
9%
766 Hood River
9%
2,608 Hoquiam
9%
506 Junction City
9%
2,513 La Junta
9%
1,303 Manitou
9%
804 Milton
9%
945 Newberg
9%
431 New Castle
9%
756 Newcastle
9%
2,196 Ouray
9%
1,787 San Pedro
9%
191 Seaside
9%
1,590 Whittier
9%
2,886 Woodland
9%
470 Asotin
8%
863 Azusa
8%
1,006 | 139 Buena Vista
8%
634 Carbon
8%
594 Colville
8%
125 Cortez
8%
1,000 Davenport
8%
4,719 Grass Valley
8%
2,504 Idaho Springs
8%
1,291 Kern
8%
1,096 Lewistown
8%
966 Louisville
8%
516 Medical Lake
8%
367 Pagosa Springs
8%
614 Payette
8%
522 Rainier
8%
4,797 Redlands
8%
2,050 Republic
8%
3,722 Salida
8%
833 Shelton
8%
254 Sidney
8%
428 Soda Springs
8%
258 St. Helens
8%
1,850 Ukiah
8%
243 Wallowa
8%
1,033 Walsenburg
8%
626 Weston
8%
492 Wheatland
8%
4,568 Ballard
7%
2,751 Benicia
7%
1,037 Fillmore
7%
1,350 Glenwood Springs
7%
1,132 Grangeville
7%
1,534 Heber City
7%
237 Joseph
7%
371 Julesburg
7%
710 Kanab
7%
694 Kelso
7%
700 Lake City
7%
737 Lander
7%
1,915 Los Gatos
7%
547 Lyons
7%
1,205 Monrovia
7%
1,194 Montesano
7%
156 Monument
7%
1,411 Pacific Grove
7%
1,224 Paso Robles
7%
521 Pima
7%
877 Providence
7%
2,750 Red Bluff
7%
1,050 Rocklin
7%
885 Sedro-Woolley
7%
1,001 South Pasadena
7%
695 Sprague
7%
1,364 Weiser
7%
595 Wilbur
7%
351 Akron
5%
297 Alma
5%
645 Bandon
5%
1,200 Black Hawk
5%
1,014 Buckley
5%
345 Canyon City
5%
197 | 234 Charleston
5%
1,004 Cosmopolis
5%
988 Crested Butte
5%
10,147 Cripple Creek
5%
2,086 Ephraim
5%
1,096 Forest Grove
5%
697 Garfield
5%
221 Gilman
5%
738 Goldendale
5%
584 Ilwaco
5%
909 Independence
5%
554 Kalama
5%
1,192 Las Animas
5%
2,408 Manti
5%
2,636 Payson
5%
953 Pomeroy
5%
656 Prineville
5%
407 Rathdrum
5%
2,152 Red Lodge
5%
761 Ritzville
5%
2,786 Roslyn
5%
1,494 Smithfield
5%
711 South Bend
5%
531 Sumner
5%
1,011 Waitsburg
5%
322 Wasco
5%
828 Woodburn
5%
271 Wray
5%
305 Berthoud
4%
698 Brownsville
4%
372 Canby
4%
173 Carbondale
4%
145 Carlton
4%
728 Coquille
4%
974 Cottage Grove
4%
938 Creede
4%
235 Creede (Amethyst P.O.)
4%
1,530 Dillon
4%
783 Dixon
4%
108 Dolores
4%
124 Dundee
4%
384 Eaton
4%
279 Elsinore
4%
1,016 Emeryville
4%
185 | 276 Empire
4%
4,228 Fairhaven
4%
846 Ferndale
4%
288 Fossil
4%
1,058 Grantsville
4%
76 Gypsum
4%
1,869 Healdsburg
4%
1,146 Heppner
4%
451 Holyoke
4%
1,652 Hyrum
4%
1,708 Kaysville
4%
564 La Conner
4%
299 Lawrence
4%
922 Lebanon
4%
180 Lusk
4%
365 Lynden
4%
1,050 Malad City
4%
383 Mancos
4%
135 Mitchell
4%
40 Montezuma
4%
530 Myrtle Point
4%
928 Oakesdale
4%
929 Palouse
4%
2,460 Pleasant Grove
4%
229 Prosser
4%
2,018 Rocky Ford
4%
379 Rosalia
4%
73 Saguache
4%
889 Santaquin
4%
1,083 Selma
4%
331 Spangle
4%
3,422 Springville
4%
1,582 St. Helena
4%
319 Sumas
4%
283 Troy
4%
306 Albion
3%
520 Alpine
3%
141 Bonanza
3%
381 Brush
3%
322 Central Point
3%
311 Clatskanie
3%
230 Condon
3%
348 Conejos
3%
246 Cornelius
3%
819 Delta
3%
500 Downieville
3%
215 Elizabeth
3%
894 Elma
3%
396 Enterprise
3%
500 Etna
3%
319 Fairplay
3%
356 Fort Jones
3%
214 Fort Lupton
3%
286 Gardiner
3%
731 Genesee
3%
700 Gilman
3%
502 Harrisburg
3%
223 Ione
3%
282 John Day
3%
490 Kendrick
3%
297 Kettle Falls
3%
761 Lakeview
3%
101 Marble
3%
507 Meeker
3%
606 Monmouth
3%
1,444 Montpelier
3%
254 North Yamhill
3%
138 Ordway
3%
1,039 Parowan
3%
157 Pataha
3%
263 Platteville
3%
97 Poncha Springs
3%
1,969 Richfield
3%
682 Rio Vista
3%
433 Rockford
3%
583 San Jacinto
3%
449 San Juan Bautista
3%
625 Suisun City
3%
404 Uniontown
3%
62 Vernonia
3%
141 Walden
3%
2,621 Walkerville
3%
482 Waterville
3%
446 White Sulphur Springs
3%
655 Winlock
3%
269 Woodland Park
3%
249 Antelope
2%
347 Antonito
2%
382 Basalt
2%
203 Bay City
2%
99 Bellvue
2%
434 Belvedere
2%
690 Calistoga
2%
1,441 Colusa
2%
336 Dufur
2%
297 Elberton
2%
395 Eldora
2%
603 Elgin
2%
625 Elsinore
2%
1,119 Fairview
2%
1,024 Fort Benton
2%
2,192 Globeville
2%
2,191 Goldfield
2%
385 Gold Hill
2%
204 Granada
2%
245 | 250 Granite
2%
82 Harney
2%
60 Hot Sulphur Springs
2%
71 Ironton
2%
287 Juliaetta
2%
726 Lakeport
2%
253 Latah
2%
254 La Veta
2%
556 Monte Vista
2%
335 Moro
2%
537 Mt. Angel
2%
189 Myrtle Creek
2%
59 Nehalem
2%
787 Northport
2%
166 Ocosta
2%
127 Ophir
2%
728 Orting
2%
343 Philomath
2%
203 Pitkin
2%
811 Rico
2%
131 Riddle
2%
578 Scipio
2%
111 Sherwood
2%
775 Silver Plume
2%
629 Solomonville
2%
324 Stayton
2%
1,015 Steilacoom
2%
689 Sugar City
2%
717 Tekoa
2%
644 Thatcher
2%
446 Townsend
2%
300 Ward
2%
59 Waterloo
2%
893 Willows
2%
292 Amity
1%
443 Argo
1%
703 Athena
1%
119 Beaver Hill
1%
247 Bossburg
1%
176 Clatsop
1%
750 Cloverdale
1%
698 Coal Creek
1%
808 Coalville
1%
83 De Beque
1%
705 Del Norte
1%
193 Drain
1%
79 Eola
1%
269 Falls City
1%
131 Florissant
1%
224 Gervais
1%
645 Goshen
1%
40 Green Mountain Falls
1%
294 Halsey
1%
17 Hessie
1%
177 Hooper
1%
205 Hornitos
1%
213 Hubbard
1%
26 Irwin
1%
994 Kelseyville
1%
208 La Jara
1%
123 Long Creek
1%
2,351 Mercur
1%
437 Minersville
1%
415 Montclair
1%
1,224 Moroni
1%
833 Neihart
1%
823 Nevadaville
1%
166 Palmer Lake
1%
883 Panguitch
1%
995 Philipsburg
1%
563 Potter Valley
1%
213 Prairie City
1%
256 Red Cliff
1%
245 Ridgway
1%
346 Scio
1%
576 Silver Cliff
1%
178 Sodaville
1%
958 South Cañon
1%
52 Spencer
1%
1,135 Spring City
1%
411 St. Anthony
1%
346 Stevensville
1%
184 Summerville
1%
81 Tangent
1%
256 Westcliffe
1%
791 Willits
1%
785 Winters
1%
698 Aguilar
0%
659 Altman
0%
154 Animas
0%
362 Bear River City
0%
35 Bedrock
0%
559 Castle Dale
0%
465 Chloride
0%
407 Como
0%
323 Corinne
0%
23 Dubois
0%
282 Edith
0%
1,384 Elyria
0%
755 Fountain Green
0%
77 Freshwater
0%
20 Gothic
0%
261 Hotchkiss
0%
491 Los Cerrillos
0%
739 Manassa
0%
494 Mendon
0%
719 Midway
0%
30 Red Mountain
0%
870 Rockvale
0%
110 Rosita
0%
94 Sawpit
0%
642 Scofield
0%
65 St. Elmo
0%
64 Tincup
0%
665 Valverde
0%
103 Villa Grove
0%
908 Wellsville
0%
161 West Creek
0%
69 Whitepine
0%
580 Willard
0%
No matching quizzes found
Score Distribution
Percent of People with Each Score
Percentile by Number Answered
Your Score History
You have not taken this quiz